|
|
|
|
| LEADER |
00000nam a2200000Ii 4500 |
| 001 |
DIGUQBAR0008 |
| 003 |
NyNyDIG |
| 006 |
m o d |
| 007 |
cr ||||||||||| |
| 008 |
131101s2010 cl o 000 p spa d |
| 020 |
|
|
|z 9789568601683
|
| 035 |
|
|
|a (OCoLC)888284137
|
| 040 |
|
|
|a DGITA
|b eng
|e pn
|c DGITA
|
| 041 |
|
|
|a spaeng
|
| 050 |
1 |
4 |
|a PQ8098.28.O18 eBook
|
| 100 |
1 |
|
|a Roa Vial, Armando,
|d 1966-
|
| 245 |
1 |
0 |
|a Covers 36 poetas en lengua inglesa /
|c Armando Roa Vial.
|
| 264 |
|
1 |
|a Santiago, Chile :
|b Uqbar Editores,
|c 2010.
|
| 300 |
|
|
|a 1 online resource (267 pages)
|
| 336 |
|
|
|a text
|b txt
|2 rdacontent
|
| 337 |
|
|
|a computer
|b c
|2 rdamedia
|
| 338 |
|
|
|a online resource
|b cr
|2 rdacarrier
|
| 490 |
1 |
|
|a Poesía. Uqbar Editores
|
| 500 |
|
|
|a "Libros del Bicentenario."
|
| 500 |
|
|
|a "Edición bilbingüe ; Antologia poesia anglosajona" (on cover)
|
| 500 |
|
|
|a Poems.
|
| 504 |
|
|
|a Includes bibliographical references (p. 263-267)
|
| 505 |
0 |
|
|a Algunas consideraciones preliminares -- James Elroy Flecker -- Siegfried Sassoon -- Edwin Muir -- Wilferd Owen -- Emanuel Carnevali -- Robert Graves -- Basil Bunting -- Yvor Winters -- Lorine Niedecker -- Louis Zukofsky -- Kenneth Rexroth -- Samuel Beckett -- William Empson -- Kathleen Raine -- Malcolm Lowry -- Charles Olson -- Kenneth Patchen -- R. S. Thomas -- Delmore Schwartz -- Karl Shapiro -- Randall Jarrell -- John Berryman -- David Gascoyne -- Robert Lowell -- Donald Davie -- Philip Larkin -- W. D. Snodgrass -- Robert Creeley -- W. S. Merwin -- Thom Gunn -- Gary Snyder -- Michael McClure -- Geoffrey Hill -- George Macbeth -- Charles Simic -- Bibliografía - Índice.
|
| 655 |
|
0 |
|a Electronic books.
|
| 791 |
2 |
|
|a Digitalia (Firm),
|e distributor.
|
| 830 |
|
0 |
|a Poesía (Uqbar Editores)
|
| 793 |
0 |
|
|g Digitalia eBook Collection:
|a Uqbar Editores.
|
| 856 |
4 |
0 |
|3 Digitalia Hispánica
|u https://www.digitaliapublishing.com/a/21273/
|
| 910 |
|
|
|a Premium Collection: 2007-2012
|